000 01403nam a2200373 a 4500
001 ebr10588436
003 CaPaEBR
006 m u
007 cr cn|||||||||
008 820804s1979 ne a sb 010 0 eng d
010 _z 81150828
020 _z9027977585
020 _z9789027977588
020 _z9783110809299 (e-book)
040 _aCaPaEBR
_cCaPaEBR
035 _a(OCoLC)811373729
050 1 4 _aGN325
_b.C87 1979eb
082 0 4 _a306
_219
245 0 0 _aCurrents in anthropology
_h[electronic resource] :
_bessays in honor of Sol Tax /
_cedited by Robert Hinshaw.
260 _aThe Hague ;
_aNew York :
_bMouton,
_cc1979.
300 _axxiv, 561 p. :
_bill.
490 1 _aStudies in anthropology ;
_v3
504 _aIncludes bibliographical references.
533 _aElectronic reproduction.
_bPalo Alto, Calif. :
_cebrary,
_d2011.
_nAvailable via World Wide Web.
_nAccess may be limited to ebrary affiliated libraries.
600 1 0 _aTax, Sol,
_d1907-1995.
650 0 _aEthnology.
650 0 _aApplied anthropology.
655 7 _aElectronic books.
_2local
700 1 _aTax, Sol,
_d1907-1995.
700 1 _aHinshaw, Robert E.,
_d1933-
710 2 _aebrary, Inc.
830 0 _aStudies in anthropology (Mouton Publishers) ;
_vno. 3.
856 4 0 _uhttp://site.ebrary.com/lib/rucke/Doc?id=10588436
_zAn electronic book accessible through the World Wide Web; click to view
999 _c104063
_d104063